00213nam a2200097Ia 4500008004100000041000800041082001200049100001600061245002900077260000900106240625s9999 xx 000 0 und d aeng a420 DEL aDELLAR HUGH aINNOVATIONS INTERMEDIATE c2004